000
00373nam a22001577a 4500
003
MPLRDC
005
20220104142451.0
008
210129b ||||| |||| 00| 0 eng d
082
_a
848.3 YS-3
100
_a
亦舒著
245
_a
女记者手记
_c
260
_a
_b
环球图书杂志出版社
_c
300
_b
平
650
_a
现代别集
942
_c
BK
_o
848.3 YS-3
999
_c
31135
_d
31125